000 00794nam a2200229 a 4500
001 55677
003 BD-RjUL
005 20211209080312.0
008 161121s1968 bg ||||| |||| 00| 0 ben d
020 _c: TK 5.00
035 _a(BD-RjUL) 55801
040 _aBD-RjUL
_bben
_cBD-RjUL
041 _aben
082 _223
_a781.42162
_bUDJ 1968
100 _a উদদীন, জসীম
_9165838
245 1 0 _aজারীগান /
_cজসীম উদদীন
260 _aঢাকা :
_bকেন্দ্রীয় বাংলা উন্নয়ন বোর্ড,
_c১৯৬৮
300 _a[১০], ৩৩৪ পৃ. :
_bচিত্র ;
_c২১ সেমি .
650 _aজারীগান
_9165839
650 _aFolksongs
_9165840
942 _2ddc
_cBK
999 _c55677
_d55677